[Event "20. Obert Int. Sant Marti 2018"]
[Site "Barcelona ESP"]
[Date "2018.07.18"]
[Round "6.15"]
[White "Harikrishnan.A.Ra"]
[Black "Iniyan, P."]
[Result "1/2-1/2"]
[WhiteElo "2204"]
[BlackElo "2451"]
[PlyCount "65"]
[EventDate "2018.07.13"]
[EventType "swiss"]
[EventRounds "9"]
[EventCountry "ESP"]
[SourceTitle "Ajedrez en Madrid"]
[Source "lmi"]
[SourceDate "2018.07.13"]
[SourceVersion "1"]
[SourceVersionDate "2019.06.21"]
[SourceQuality "1"]

1. Nf3 Nf6 2. c4 g6 3. g3 Bg7 4. Bg2 d6 5. d4 O-O 6. O-O Nbd7 7. Nc3 e5 8. e4
exd4 9. Nxd4 Re8 10. Re1 Ng4 11. h3 Nge5 12. b3 Nc5 13. Be3 a5 14. f4 Ned3 15.
Re2 f5 16. Kh2 fxe4 17. Nxe4 Nb4 18. Nc3 c6 19. Bg1 Rxe2 20. Qxe2 Bf5 21. Nxf5
gxf5 22. Rd1 Qe8 23. Rxd6 Bxc3 24. Qxe8+ Rxe8 25. Bxc5 Nxa2 26. Rd7 Bb4 27.
Bxb4 Nxb4 28. Rxb7 Re2 29. Ra7 Nd3 30. Kg1 Re1+ 31. Kh2 Re2 32. Kg1 Re1+ 33.
Kh2 1/2-1/2

[Event "20. Obert Int. Sant Marti 2018"]
[Site "Barcelona ESP"]
[Date "2018.07.18"]
[Round "6.16"]
[White "Perez Mitjans, Orelvis"]
[Black "Samant, Aditya S"]
[Result "1-0"]
[WhiteElo "2399"]
[BlackElo "2191"]
[PlyCount "91"]
[EventDate "2018.07.13"]
[EventType "swiss"]
[EventRounds "9"]
[EventCountry "ESP"]
[SourceTitle "Ajedrez en Madrid"]
[Source "lmi"]
[SourceDate "2018.07.13"]
[SourceVersion "1"]
[SourceVersionDate "2019.06.21"]
[SourceQuality "1"]

1. e4 c5 2. Nf3 d6 3. Bb5+ Bd7 4. c4 Nf6 5. Nc3 Nc6 6. O-O g6 7. d4 cxd4 8.
Nxd4 Bg7 9. Nxc6 bxc6 10. Ba4 O-O 11. Bf4 Qb6 12. Qd2 Be6 13. b3 c5 14. Bh6 Qb7
15. Rae1 Bd7 16. Bxg7 Kxg7 17. e5 dxe5 18. Rxe5 Bf5 19. Rxc5 Rad8 20. Qb2 Qb6
21. b4 Rb8 22. Bb5 Kg8 23. h3 Rfd8 24. Re1 a6 25. Rc6 Qd4 26. Rxa6 Ne4 27. Ra3
Qf6 28. Qc1 Ng5 29. Ra6 Ne6 30. a4 Rd3 31. Nd5 Qh4 32. Re3 Rd4 33. Ra7 Qh5 34.
Qc3 Rd1+ 35. Kh2 Nd4 36. Nxe7+ Kf8 37. Nc6 Qh4 38. Nxd4 Qf4+ 39. Rg3 Rxd4 40.
Qe3 Qd6 41. Bc6 Qd8 42. b5 h5 43. Qe5 f6 44. Qe3 g5 45. Rf3 Bc8 46. Qxg5 1-0

[Event "20. Obert Int. Sant Marti 2018"]
[Site "Barcelona ESP"]
[Date "2018.07.18"]
[Round "6.17"]
[White "Eggleston, David J"]
[Black "Vatsal, Singhania"]
[Result "1/2-1/2"]
[WhiteElo "2397"]
[BlackElo "2194"]
[PlyCount "137"]
[EventDate "2018.07.13"]
[EventType "swiss"]
[EventRounds "9"]
[EventCountry "ESP"]
[SourceTitle "Ajedrez en Madrid"]
[Source "lmi"]
[SourceDate "2018.07.13"]
[SourceVersion "1"]
[SourceVersionDate "2019.06.21"]
[SourceQuality "1"]

1. e4 c5 2. Nf3 d6 3. d4 cxd4 4. Nxd4 Nf6 5. Nc3 Nc6 6. g3 e5 7. Nde2 Be7 8.
Bg2 O-O 9. O-O h6 10. Be3 Ng4 11. Bd2 Nf6 12. a4 Bd7 13. h3 a6 14. g4 Na5 15.
b3 b5 16. Ng3 Nb7 17. Nf5 b4 18. Nxe7+ Qxe7 19. Ne2 a5 20. Ng3 Rfc8 21. Rc1 Be6
22. g5 hxg5 23. Bxg5 Rc3 24. Nh5 Kf8 25. h4 Nc5 26. Nxf6 gxf6 27. Qh5 Ke8 28.
Qh8+ Qf8 29. Qxf8+ Kxf8 30. Bd2 Rc8 31. Bxc3 bxc3 32. Rfe1 Na6 33. Re3 Nb4 34.
Bf1 f5 35. f3 f4 36. Re2 Ke7 37. Rh2 Rg8+ 38. Kf2 d5 39. exd5 Bf5 40. h5 Nxc2
41. Be2 Kd6 42. h6 Bh7 43. Rhh1 Rg3 44. Rxc2 Bxc2 45. h7 Bxh7 46. Rxh7 Rg1 47.
Rh6+ Kxd5 48. Bd3 Rd1 49. Be4+ Kc5 50. Ke2 Rd2+ 51. Ke1 Kb4 52. Ra6 Rd4 53.
Rb6+ Ka3 54. Rb5 f6 55. Rxa5 Kxb3 56. Ra6 Rxa4 57. Bc2+ Kxc2 58. Rxa4 Kd3 59.
Kd1 f5 60. Ra5 e4 61. Rxf5 exf3 62. Ke1 c2 63. Rc5 f2+ 64. Kxf2 Kd2 65. Rd5+
Kc3 66. Rc5+ Kd2 67. Kf3 c1=Q 68. Rxc1 Kxc1 69. Kxf4 1/2-1/2

[Event "20. Obert Int. Sant Marti 2018"]
[Site "Barcelona ESP"]
[Date "2018.07.18"]
[Round "6.18"]
[White "Valenzuela Gomez, Fernando"]
[Black "Sapale, Saloni"]
[Result "1/2-1/2"]
[WhiteElo "2389"]
[BlackElo "2145"]
[PlyCount "89"]
[EventDate "2018.07.13"]
[EventType "swiss"]
[EventRounds "9"]
[EventCountry "ESP"]
[SourceTitle "Ajedrez en Madrid"]
[Source "lmi"]
[SourceDate "2018.07.13"]
[SourceVersion "1"]
[SourceVersionDate "2019.06.21"]
[SourceQuality "1"]

1. c4 Nf6 2. Nc3 c5 3. g3 d5 4. cxd5 Nxd5 5. Bg2 Nc7 6. Nf3 Nc6 7. O-O e5 8. a3
Be7 9. b4 O-O 10. b5 Nd4 11. Nxe5 Ndxb5 12. Nxb5 Nxb5 13. Rb1 Nd6 14. d3 Be6
15. Bf4 Rb8 16. Qa4 a6 17. Rfc1 f6 18. Nf3 b5 19. Qc2 Rc8 20. a4 b4 21. e4 Nf7
22. Nd2 g5 23. Be3 Ne5 24. Bf1 Qe8 25. Be2 Qg6 26. Qb2 Rfd8 27. d4 c4 28. dxe5
c3 29. Qa1 cxd2 30. Rxc8 Bxc8 31. exf6 Bxf6 32. Qa2+ Kh8 33. Qc4 a5 34. Bb6 Re8
35. f3 g4 36. Bxa5 Ba6 37. Qxa6 gxf3 38. Bd3 Bd4+ 39. Kh1 Qxa6 40. Bxa6 Ra8 41.
Bxb4 Rxa6 42. a5 Be3 43. Rd1 Kg8 44. Bxd2 Rd6 45. Rf1 1/2-1/2

[Event "20. Obert Int. Sant Marti 2018"]
[Site "Barcelona ESP"]
[Date "2018.07.18"]
[Round "6.19"]
[White "Anustoop, Biswas"]
[Black "Vidarte Morales, Arturo"]
[Result "0-1"]
[WhiteElo "2052"]
[BlackElo "2381"]
[PlyCount "146"]
[EventDate "2018.07.13"]
[EventType "swiss"]
[EventRounds "9"]
[EventCountry "ESP"]
[SourceTitle "Ajedrez en Madrid"]
[Source "lmi"]
[SourceDate "2018.07.13"]
[SourceVersion "1"]
[SourceVersionDate "2019.06.21"]
[SourceQuality "1"]

1. e4 c5 2. Nc3 e6 3. f4 a6 4. g3 d5 5. Bg2 dxe4 6. Nxe4 Be7 7. Nf3 Nc6 8. b3
Nf6 9. Nf2 O-O 10. Bb2 Qc7 11. O-O b6 12. Ne5 Bb7 13. Nfg4 Nd4 14. Bxb7 Qxb7
15. c3 Nf5 16. Qf3 Qxf3 17. Nxf6+ Bxf6 18. Nxf3 Rfd8 19. g4 Nh4 20. Nxh4 Bxh4
21. d4 cxd4 22. cxd4 Bf6 23. Rad1 Rac8 24. Rd2 h6 25. Kg2 Rd5 26. Rfd1 Rcd8 27.
Kf3 g5 28. fxg5 hxg5 29. Ke4 Kg7 30. Rf2 R8d7 31. h3 b5 32. Rc2 Be7 33. Rc6 a5
34. Rf1 a4 35. Rd1 a3 36. Bc3 Bf6 37. Rd2 Rd8 38. Rb6 Kg6 39. Rb7 R8d6 40. Rc7
b4 41. Bxb4 Rxd4+ 42. Ke3 Rd8 43. Rxd4 Bxd4+ 44. Ke2 Be5 45. Ra7 Rh8 46. Bxa3
Rxh3 47. Bc5 Rg3 48. b4 Rxg4 49. b5 Rc4 50. Be3 Rb4 51. b6 f5 52. Ra5 Bh2 53.
a4 g4 54. Bc5 Rb2+ 55. Kd3 g3 56. Rb5 Rxb5 57. axb5 g2 58. b7 e5 59. Ke2 e4 60.
b8=Q Bxb8 61. Kf2 f4 62. Kxg2 Kf5 63. b6 Ke5 64. Be7 Kd5 65. Bd8 Kc6 66. Kf2
Bd6 67. Kg2 Bc5 68. Kh3 Bxb6 69. Bh4 Kd5 70. Kg2 Kc4 71. Kf1 Kd3 72. Be1 f3 73.
Bb4 e3 0-1

[Event "20. Obert Int. Sant Marti 2018"]
[Site "Barcelona ESP"]
[Date "2018.07.18"]
[Round "6.20"]
[White "Low, Kevin"]
[Black "Abhishek, Das"]
[Result "1-0"]
[WhiteElo "2122"]
[BlackElo "2325"]
[PlyCount "99"]
[EventDate "2018.07.13"]
[EventType "swiss"]
[EventRounds "9"]
[EventCountry "ESP"]
[SourceTitle "Ajedrez en Madrid"]
[Source "lmi"]
[SourceDate "2018.07.13"]
[SourceVersion "1"]
[SourceVersionDate "2019.06.21"]
[SourceQuality "1"]

1. e4 c5 2. Nf3 Nc6 3. d4 cxd4 4. Nxd4 g6 5. c4 Bg7 6. Be3 Nf6 7. Nc3 d6 8. Be2
O-O 9. O-O Nxd4 10. Bxd4 a5 11. f3 Nd7 12. Bxg7 Kxg7 13. Qd4+ Kg8 14. b3 b6 15.
Rfd1 Bb7 16. Qe3 Qc7 17. g3 Qc5 18. Qxc5 Nxc5 19. Kf2 f5 20. Ke3 Rf6 21. h4
Raf8 22. Rf1 Bc6 23. g4 fxg4 24. fxg4 Rxf1 25. Rxf1 Rxf1 26. Bxf1 h6 27. Nd5
Bxd5 28. cxd5 Kf7 29. Kd4 Ke8 30. Bc4 Kd8 31. Bb5 Kc7 32. e5 g5 33. hxg5 hxg5
34. e6 Kd8 35. a3 Nxb3+ 36. Ke4 Nd2+ 37. Kf5 Nf3 38. Ba4 Nd4+ 39. Kxg5 b5 40.
Bd1 b4 41. axb4 axb4 42. Kh6 Ke8 43. Kg7 b3 44. g5 Nf5+ 45. Kg8 b2 46. Ba4+ Kd8
47. Bc2 Ne3 48. Bb1 Nxd5 49. g6 Nf4 50. Kf7 1-0

[Event "20. Obert Int. Sant Marti 2018"]
[Site "Barcelona ESP"]
[Date "2018.07.18"]
[Round "6.21"]
[White "Ryan, Joseph"]
[Black "Persson, Andreas"]
[Result "1-0"]
[WhiteElo "2273"]
[BlackElo "2126"]
[PlyCount "85"]
[EventDate "2018.07.13"]
[EventType "swiss"]
[EventRounds "9"]
[EventCountry "ESP"]
[SourceTitle "Ajedrez en Madrid"]
[Source "lmi"]
[SourceDate "2018.07.13"]
[SourceVersion "1"]
[SourceVersionDate "2019.06.21"]
[SourceQuality "1"]

1. e4 e5 2. Nf3 Nc6 3. Bc4 Bc5 4. O-O d6 5. c3 Nf6 6. d3 h6 7. Nbd2 O-O 8. h3
a6 9. Bb3 Ba7 10. Re1 Ne7 11. Nf1 Ng6 12. Ng3 c6 13. d4 Qc7 14. Be3 Re8 15. Bc2
Be6 16. Qd2 Kh7 17. Nf5 Ng8 18. b3 Rad8 19. Rad1 b5 20. h4 N6e7 21. Qe2 g6 22.
Nxe7 Nxe7 23. Nh2 Ng8 24. h5 g5 25. g3 Nf6 26. Bc1 Qc8 27. Bb2 Bb8 28. c4 Qb7
29. c5 dxc5 30. dxe5 Nd7 31. f4 gxf4 32. gxf4 Rg8+ 33. Kh1 Bh3 34. Rg1 c4 35.
Qf3 cxb3 36. Qxh3 bxc2 37. Qf5+ Kh8 38. e6+ f6 39. Rxd7 Rxg1+ 40. Kxg1 c1=Q+
41. Bxc1 Qb6+ 42. Kh1 Rxd7 43. exd7 1-0

[Event "20. Obert Int. Sant Marti 2018"]
[Site "Barcelona ESP"]
[Date "2018.07.18"]
[Round "6.22"]
[White "Blasco Coll, Andreu"]
[Black "Garcia Gil, Javier"]
[Result "1-0"]
[WhiteElo "2242"]
[BlackElo "2110"]
[PlyCount "77"]
[EventDate "2018.07.13"]
[EventType "swiss"]
[EventRounds "9"]
[EventCountry "ESP"]
[SourceTitle "Ajedrez en Madrid"]
[Source "lmi"]
[SourceDate "2018.07.13"]
[SourceVersion "1"]
[SourceVersionDate "2019.06.21"]
[SourceQuality "1"]

1. d4 Nf6 2. Nf3 e6 3. Bf4 b6 4. e3 Bb7 5. h3 d6 6. Bd3 Nbd7 7. Nbd2 Qe7 8. e4
e5 9. dxe5 Nxe5 10. Nxe5 dxe5 11. Bh2 Nd7 12. O-O g5 13. Nc4 O-O-O 14. Qe2 f5
15. exf5 e4 16. Rfe1 Nf6 17. Nd2 Re8 18. Bb5 Bg7 19. Bxe8 Rxe8 20. a4 Qd7 21.
a5 h5 22. axb6 axb6 23. Ra3 Bf8 24. Ra7 e3 25. Nb3 g4 26. fxe3 Bh6 27. Rxb7
Kxb7 28. Ra1 Bxe3+ 29. Kh1 Qd5 30. Qa6+ Kc6 31. c4 Qxf5 32. Qa4+ b5 33. cxb5+
Kd5 34. Qa6 Bb6 35. Rd1+ Ke4 36. Qa4+ Ke3 37. Bg1+ Ke2 38. Rd2+ Kf1 39. Qc4+
1-0

[Event "20. Obert Int. Sant Marti 2018"]
[Site "Barcelona ESP"]
[Date "2018.07.18"]
[Round "6.23"]
[White "Dahale, Atul"]
[Black "Glimbrant, Torbjorn"]
[Result "0-1"]
[WhiteElo "2040"]
[BlackElo "2213"]
[PlyCount "68"]
[EventDate "2018.07.13"]
[EventType "swiss"]
[EventRounds "9"]
[EventCountry "ESP"]
[SourceTitle "Ajedrez en Madrid"]
[Source "lmi"]
[SourceDate "2018.07.13"]
[SourceVersion "1"]
[SourceVersionDate "2019.06.21"]
[SourceQuality "1"]

1. d4 e6 2. c4 Nf6 3. a3 c5 4. e3 d5 5. Nc3 dxc4 6. Bxc4 a6 7. a4 cxd4 8. exd4
Nc6 9. Nf3 Be7 10. O-O O-O 11. Be3 Nb4 12. Ne5 Bd7 13. Qf3 Bc6 14. Nxc6 bxc6
15. Rad1 a5 16. Qh3 Rb8 17. Rd2 g6 18. Re1 Nbd5 19. Bh6 Re8 20. Na2 Qd7 21. g4
Bf8 22. Bxf8 Rxf8 23. Qf3 Kg7 24. Re5 h5 25. g5 Ng4 26. Re1 f6 27. Qe4 fxg5 28.
Qxe6 Qc7 29. f3 Qf4 30. Red1 Rbe8 31. Qxc6 Qe3+ 32. Kh1 Qxf3+ 33. Kg1 Nf2 34.
Qxd5 Nh3# 0-1

[Event "20. Obert Int. Sant Marti 2018"]
[Site "Barcelona ESP"]
[Date "2018.07.18"]
[Round "6.24"]
[White "Marzo Pie, Xavier"]
[Black "Anadkat, Kartavya"]
[Result "1-0"]
[WhiteElo "2206"]
[BlackElo "1910"]
[PlyCount "91"]
[EventDate "2018.07.13"]
[EventType "swiss"]
[EventRounds "9"]
[EventCountry "ESP"]
[SourceTitle "Ajedrez en Madrid"]
[Source "lmi"]
[SourceDate "2018.07.13"]
[SourceVersion "1"]
[SourceVersionDate "2019.06.21"]
[SourceQuality "1"]

1. d4 Nf6 2. c4 e6 3. Nc3 Bb4 4. Qc2 d6 5. a3 Bxc3+ 6. Qxc3 b6 7. Bg5 Bb7 8.
Nf3 Nbd7 9. Nd2 h6 10. Bh4 O-O 11. f3 Rc8 12. e3 e5 13. Bd3 exd4 14. Qxd4 Qe7
15. Bf5 Rce8 16. Bxd7 Qxd7 17. Bxf6 gxf6 18. O-O-O Qf5 19. e4 Qe5 20. Qd3 Bc8
21. g4 b5 22. cxb5 Be6 23. Nb3 Rb8 24. Nd4 Bd7 25. Rd2 Bxb5 26. Qc3 Rb6 27. Rg1
Rfb8 28. Rg3 Qf4 29. Nf5 d5 30. Ne7+ Kg7 31. Nxd5 Qg5 32. Nxb6 Rxb6 33. Kb1 Rc6
34. Rd5 Qh4 35. Qd2 Rd6 36. Rxd6 cxd6 37. Ka1 Bc4 38. f4 Be6 39. Qf2 Kf8 40. h3
h5 41. gxh5 Qxh5 42. Qd2 Qc5 43. f5 Bc4 44. Rc3 Qb5 45. Qxd6+ Ke8 46. Rg3 1-0

[Event "20. Obert Int. Sant Marti 2018"]
[Site "Barcelona ESP"]
[Date "2018.07.18"]
[Round "6.25"]
[White "Gonzalez Rodriguez, Jorge A."]
[Black "Kumar, Gaurav"]
[Result "0-1"]
[WhiteElo "2271"]
[BlackElo "2074"]
[PlyCount "56"]
[EventDate "2018.07.13"]
[EventType "swiss"]
[EventRounds "9"]
[EventCountry "ESP"]
[SourceTitle "Ajedrez en Madrid"]
[Source "lmi"]
[SourceDate "2018.07.13"]
[SourceVersion "1"]
[SourceVersionDate "2019.06.21"]
[SourceQuality "1"]

1. b3 e5 2. Bb2 Nc6 3. e3 Nf6 4. Bb5 Bd6 5. Ne2 O-O 6. Bxc6 dxc6 7. h3 a5 8. a4
e4 9. d4 Nd5 10. Nd2 f5 11. Nc4 f4 12. exf4 Nxf4 13. Nxf4 Bxf4 14. Bc1 Bd6 15.
Nxd6 cxd6 16. Be3 d5 17. Qd2 Qd6 18. Qc3 Qg6 19. g4 b6 20. O-O-O b5 21. Qc5
bxa4 22. bxa4 Ba6 23. Kd2 Qf6 24. Kc3 Qh4 25. Kb2 Rxf2 26. Bxf2 Qxf2 27. Qxc6
Rb8+ 28. Ka1 Qf3 0-1

[Event "20. Obert Int. Sant Marti 2018"]
[Site "Barcelona ESP"]
[Date "2018.07.18"]
[Round "6.26"]
[White "Saurabh, Anand"]
[Black "Marchador Villalba, Jordi"]
[Result "1-0"]
[WhiteElo "2258"]
[BlackElo "2009"]
[PlyCount "37"]
[EventDate "2018.07.13"]
[EventType "swiss"]
[EventRounds "9"]
[EventCountry "ESP"]
[SourceTitle "Ajedrez en Madrid"]
[Source "lmi"]
[SourceDate "2018.07.13"]
[SourceVersion "1"]
[SourceVersionDate "2019.06.21"]
[SourceQuality "1"]

1. e4 c5 2. Nf3 e6 3. d4 cxd4 4. Nxd4 a6 5. Bd3 Nf6 6. Qe2 d6 7. f4 Be7 8. Nc3
Qc7 9. Bd2 Bd7 10. e5 Nd5 11. Nxd5 exd5 12. e6 fxe6 13. Nxe6 Bxe6 14. Qxe6 Qd7
15. Qxd5 Qc6 16. Qh5+ Kd8 17. Ba5+ b6 18. Bc3 Re8 19. O-O-O 1-0

[Event "20. Obert Int. Sant Marti 2018"]
[Site "Barcelona ESP"]
[Date "2018.07.18"]
[Round "6.27"]
[White "Pinero Fernandez, Xavier"]
[Black "Davtyan, David Arm."]
[Result "0-1"]
[WhiteElo "2218"]
[BlackElo "1926"]
[PlyCount "96"]
[EventDate "2018.07.13"]
[EventType "swiss"]
[EventRounds "9"]
[EventCountry "ESP"]
[SourceTitle "Ajedrez en Madrid"]
[Source "lmi"]
[SourceDate "2018.07.13"]
[SourceVersion "1"]
[SourceVersionDate "2019.06.21"]
[SourceQuality "1"]

1. e4 c6 2. d4 d5 3. exd5 cxd5 4. Bd3 Nc6 5. c3 Nf6 6. Bf4 e5 7. dxe5 Ng4 8.
Nf3 Bc5 9. O-O Nxf2 10. Rxf2 Bxf2+ 11. Kxf2 Qb6+ 12. Kg3 Qxb2 13. Qb3 Qxa1 14.
Bc1 d4 15. Bb2 Be6 16. c4 Na5 17. Qa3 Nxc4 18. Bxc4 Qxb1 19. Bd3 Qd1 20. Bb5+
Bd7 21. Qc5 Bxb5 22. Ba3 Kd8 23. Qxb5 Qc2 24. Qxb7 Qg6+ 25. Kf4 Qh6+ 26. Kg3
Qg6+ 27. Kf2 Qc2+ 28. Ke1 Qc3+ 29. Kd1 Qa1+ 30. Ke2 Qxa2+ 31. Nd2 Qxa3 32.
Qxa8+ Ke7 33. Qxh8 Qe3+ 34. Kf1 Qxd2 35. Qxg7 Qf4+ 36. Ke2 Qf5 37. g4 Qg6 38.
Qh8 Qe4+ 39. Kd2 Qe3+ 40. Kd1 Qf3+ 41. Kd2 Qc3+ 42. Kd1 Qf3+ 43. Kd2 d3 44.
Qxh7 Qe2+ 45. Kc3 Qc2+ 46. Kd4 Qb2+ 47. Ke3 Qe2+ 48. Kd4 d2 0-1

[Event "20. Obert Int. Sant Marti 2018"]
[Site "Barcelona ESP"]
[Date "2018.07.18"]
[Round "6.28"]
[White "Gomez Barrera, Javiera Belen"]
[Black "Romero Pallares, Daniel"]
[Result "1/2-1/2"]
[WhiteElo "2063"]
[BlackElo "2202"]
[PlyCount "124"]
[EventDate "2018.07.13"]
[EventType "swiss"]
[EventRounds "9"]
[EventCountry "ESP"]
[SourceTitle "Ajedrez en Madrid"]
[Source "lmi"]
[SourceDate "2018.07.13"]
[SourceVersion "1"]
[SourceVersionDate "2019.06.21"]
[SourceQuality "1"]

1. e4 g6 2. d4 Bg7 3. Nc3 d6 4. Nf3 Nf6 5. h3 O-O 6. Be3 c6 7. a4 d5 8. e5 Ne4
9. Nxe4 dxe4 10. Ng5 c5 11. Nxe4 cxd4 12. Qxd4 Qxd4 13. Bxd4 Nc6 14. Bc3 Bxe5
15. Bxe5 Nxe5 16. O-O-O Bf5 17. Nc3 Rac8 18. g4 Be6 19. Bg2 Nc6 20. Rhe1 Rfe8
21. Bd5 Bxd5 22. Rxd5 Red8 23. Red1 e6 24. Rd7 b6 25. R1d6 Rxd7 26. Rxd7 a6 27.
Rb7 Rb8 28. Rc7 Nb4 29. Ne4 Rd8 30. Rb7 Rd4 31. Nf6+ Kg7 32. g5 Nd5 33. Nxd5
exd5 34. Rxb6 Rxa4 35. Rd6 Ra5 36. c3 Kf8 37. Rd8+ Ke7 38. Rh8 d4 39. cxd4 Rxg5
40. Rxh7 Rd5 41. Rh4 Rf5 42. Re4+ Kd6 43. Re2 Rf3 44. Kd2 Kd5 45. Re3 Rxf2+ 46.
Kc3 f6 47. h4 Rg2 48. Rf3 f5 49. Re3 f4 50. Re5+ Kd6 51. Ra5 f3 52. Rxa6+ Kd5
53. Kd3 Rxb2 54. Ra5+ Ke6 55. Ke3 f2 56. Ra1 Kd5 57. Rf1 Rb3+ 58. Kxf2 Kxd4 59.
Rg1 Rb6 60. Kf3 Ke5 61. Rg5+ Kf6 62. Kg3 Rb3+ 1/2-1/2

[Event "20. Obert Int. Sant Marti 2018"]
[Site "Barcelona ESP"]
[Date "2018.07.18"]
[Round "6.29"]
[White "Guix Torres, David"]
[Black "Deshpande, Aniruddha"]
[Result "1/2-1/2"]
[WhiteElo "2059"]
[BlackElo "2132"]
[PlyCount "46"]
[EventDate "2018.07.13"]
[EventType "swiss"]
[EventRounds "9"]
[EventCountry "ESP"]
[SourceTitle "Ajedrez en Madrid"]
[Source "lmi"]
[SourceDate "2018.07.13"]
[SourceVersion "1"]
[SourceVersionDate "2019.06.21"]
[SourceQuality "1"]

1. e4 c6 2. d4 d5 3. Nc3 dxe4 4. Nxe4 Bf5 5. Nc5 b6 6. Nb3 Nf6 7. Nf3 e6 8. g3
Nbd7 9. Bg2 Rc8 10. O-O Bd6 11. Nbd2 O-O 12. Nc4 Bb8 13. b4 Qe7 14. Qe2 b5 15.
Ne3 Be4 16. a3 Rfd8 17. Bb2 Nb6 18. Rac1 Bd5 19. Nd2 Qb7 20. Nxd5 exd5 21. Rce1
Re8 22. Qd3 Nc4 23. Bc1 Nxd2 1/2-1/2

[Event "20. Obert Int. Sant Marti 2018"]
[Site "Barcelona ESP"]
[Date "2018.07.18"]
[Round "6.30"]
[White "Lacasta Palacio, Joaquim"]
[Black "Albero Figueras, Emilio"]
[Result "0-1"]
[WhiteElo "2105"]
[BlackElo "1968"]
[PlyCount "80"]
[EventDate "2018.07.13"]
[EventType "swiss"]
[EventRounds "9"]
[EventCountry "ESP"]
[SourceTitle "Ajedrez en Madrid"]
[Source "lmi"]
[SourceDate "2018.07.13"]
[SourceVersion "1"]
[SourceVersionDate "2019.06.21"]
[SourceQuality "1"]

1. Nf3 e6 2. d4 d5 3. Bf4 f5 4. e3 Nf6 5. c4 c6 6. Qc2 Be7 7. Be2 O-O 8. Nbd2
Ne4 9. h4 Qa5 10. Kf1 Nd7 11. Nb3 Qd8 12. h5 Ng5 13. Nbd2 Ne4 14. g3 Bd6 15.
Kg2 Bxf4 16. exf4 Ndf6 17. h6 g6 18. c5 Ng4 19. Nxe4 fxe4 20. Ne1 Nf6 21. Qc3
e5 22. dxe5 d4 23. Qc4+ Nd5 24. Kg1 Be6 25. Qxd4 Nxf4 26. Qxe4 Nxe2+ 27. Qxe2
Qg5 28. Ng2 Rad8 29. Ne3 Qxe5 30. Rc1 Rd7 31. Rc2 Rfd8 32. Rh4 Bxa2 33. Rb4 Be6
34. f4 Qf6 35. Re4 Bb3 36. Rc1 Rd2 37. Ng4 Qf7 38. Qe3 R2d3 39. Qe2 Rxg3+ 40.
Kh2 Rgd3 0-1

[Event "20. Obert Int. Sant Marti 2018"]
[Site "Barcelona ESP"]
[Date "2018.07.18"]
[Round "6.31"]
[White "Castrillo Mansego, Pablo"]
[Black "Perez Pastora, Evarist"]
[Result "1/2-1/2"]
[WhiteElo "2020"]
[BlackElo "2103"]
[PlyCount "49"]
[EventDate "2018.07.13"]
[EventType "swiss"]
[EventRounds "9"]
[EventCountry "ESP"]
[SourceTitle "Ajedrez en Madrid"]
[Source "lmi"]
[SourceDate "2018.07.13"]
[SourceVersion "1"]
[SourceVersionDate "2019.06.21"]
[SourceQuality "1"]

1. e4 c5 2. Bc4 e6 3. Nc3 d6 4. d3 Nf6 5. Bg5 Be7 6. Nh3 h6 7. Bh4 Nbd7 8. O-O
O-O 9. f4 d5 10. exd5 exd5 11. Bb3 Nb6 12. Qf3 c4 13. dxc4 dxc4 14. Ba4 Bg4 15.
Qg3 Nxa4 16. Nxa4 Bf5 17. Nf2 Ne4 18. Nxe4 Bxh4 19. Qe3 Re8 20. Nac3 Bxe4 21.
Nxe4 f5 22. Rfd1 Qe7 23. g3 fxe4 24. gxh4 Qxh4 25. Rd4 1/2-1/2

[Event "20. Obert Int. Sant Marti 2018"]
[Site "Barcelona ESP"]
[Date "2018.07.18"]
[Round "6.32"]
[White "Rodriguez Vega, Blas"]
[Black "Anuj, Shrivatri"]
[Result "0-1"]
[WhiteElo "1992"]
[BlackElo "2094"]
[PlyCount "64"]
[EventDate "2018.07.13"]
[EventType "swiss"]
[EventRounds "9"]
[EventCountry "ESP"]
[SourceTitle "Ajedrez en Madrid"]
[Source "lmi"]
[SourceDate "2018.07.13"]
[SourceVersion "1"]
[SourceVersionDate "2019.06.21"]
[SourceQuality "1"]

1. d4 Nf6 2. Nf3 g6 3. Bf4 Bg7 4. e3 O-O 5. h3 d6 6. Be2 c5 7. c3 Be6 8. O-O
Qb6 9. Qc1 Nc6 10. Nbd2 Rac8 11. dxc5 Qxc5 12. Nb3 Qb6 13. Nbd4 Bd7 14. Bh2 a6
15. Qc2 e5 16. Qb3 Qa5 17. Nc2 b5 18. Rfd1 Be6 19. Qa3 Qxa3 20. Nxa3 Ne4 21.
Ne1 Rfd8 22. Nac2 Nc5 23. Nd3 Na4 24. f3 Na5 25. Kf1 Nc4 26. Rab1 Ncxb2 27.
Nxb2 Nxc3 28. Nb4 a5 29. N4d3 Nxb1 30. Rxb1 Bxa2 31. Ra1 Bc4 32. Rxa5 e4 0-1

[Event "20. Obert Int. Sant Marti 2018"]
[Site "Barcelona ESP"]
[Date "2018.07.18"]
[Round "6.33"]
[White "Khudov, Oleksandr"]
[Black "Bhuta, Hriday"]
[Result "1-0"]
[WhiteElo "2093"]
[BlackElo "1650"]
[PlyCount "67"]
[EventDate "2018.07.13"]
[EventType "swiss"]
[EventRounds "9"]
[EventCountry "ESP"]
[SourceTitle "Ajedrez en Madrid"]
[Source "lmi"]
[SourceDate "2018.07.13"]
[SourceVersion "1"]
[SourceVersionDate "2019.06.21"]
[SourceQuality "1"]

1. d4 Nf6 2. Bf4 e6 3. e3 b6 4. Nf3 Bb7 5. Bd3 c5 6. c3 Nc6 7. O-O d5 8. Ne5
Bd6 9. Bg3 O-O 10. f4 Ne7 11. Bh4 Ng6 12. Bxf6 gxf6 13. Ng4 f5 14. Ne5 Bxe5 15.
fxe5 a5 16. Qe2 c4 17. Bc2 b5 18. g4 Qg5 19. Nd2 fxg4 20. Rf6 Bc6 21. Raf1 Ra7
22. Qf2 Re7 23. Qg3 Qh5 24. Bd1 Qh3 25. Qxh3 gxh3 26. Nf3 Kg7 27. Ng5 h6 28.
Nxh3 b4 29. Bc2 Rfe8 30. Kh1 Rg8 31. Rg1 Be8 32. Nf4 Rb7 33. h4 Kh8 34. h5 1-0

[Event "20. Obert Int. Sant Marti 2018"]
[Site "Barcelona ESP"]
[Date "2018.07.18"]
[Round "6.34"]
[White "Kadam, Om Manish"]
[Black "Saptorshi, Gupta"]
[Result "1/2-1/2"]
[WhiteElo "1836"]
[BlackElo "2091"]
[PlyCount "39"]
[EventDate "2018.07.13"]
[EventType "swiss"]
[EventRounds "9"]
[EventCountry "ESP"]
[SourceTitle "Ajedrez en Madrid"]
[Source "lmi"]
[SourceDate "2018.07.13"]
[SourceVersion "1"]
[SourceVersionDate "2019.06.21"]
[SourceQuality "1"]

1. e4 c5 2. Nf3 d6 3. d4 cxd4 4. Nxd4 Nf6 5. Nc3 a6 6. Be2 e5 7. Nb3 Be7 8. O-O
O-O 9. Be3 Be6 10. Kh1 b5 11. a4 b4 12. Nd5 Bxd5 13. exd5 Nbd7 14. a5 Nc5 15.
Bc4 Nfd7 16. Nxc5 Nxc5 17. Qd2 Qb8 18. Rfd1 Rc8 19. Bxc5 Rxc5 20. b3 1/2-1/2